[Event "Dos Hermanas Internet KO"]
[Site "ICC INT"]
[Date "2001.04.06"]
[Round "1.1"]
[White "Azmaiparashvili,Z"]
[Black "Sergejev,R"]
[Result "0-1"]
[WhiteElo "2670"]
[BlackElo "2349"]

1.d4 d5 2.c4 c6 3.Nc3 Nf6 4.cxd5 cxd5 5.Bf4 Nc6 6.e3 a6 7.Be2 Bf5 8.g4 Bg6
9.Qb3 Na5 10.Qa4+ Nc6 11.h3 e6 12.Nf3 Qb6 13.O-O Qxb2 14.Ne5 Qxc3 15.Bb5 Bc2
16.Nxc6 Bxa4 17.Bxa4 Qa3  0-1

[Event "GP"]
[Site "Izmir TUR"]
[Date "2002.08.29"]
[Round "2"]
[White "Calotescu,C"]
[Black "Azmaiparashvili,Z"]
[Result "1/2-1/2"]
[WhiteElo "2306"]
[BlackElo "2676"]

1.Nf3 g6 2.d4 Bg7 3.c4 d6 4.g3 Nd7 5.Bg2 e5 6.Nc3 Ne7 7.O-O O-O 8.dxe5 dxe5
9.Qc2 c6 10.Rd1 Qc7 11.Ne4 a5 12.Nd6 Nc5 13.Be3 Ne6 14.Nxc8 Qxc8 15.Bh3 f5
16.Rd6 c5 17.Qa4 Nc6 18.Ng5 Ned4 19.Bxd4 exd4 20.Bg2 Qc7 21.Rd5 Qe7 22.Nh3 Qxe2
23.Qb5 d3 24.Nf4 Qxb2 25.Qxb2 Bxb2 26.Rb1 Bd4 27.Nxd3 Nb4 28.Nxc5 Bc3 29.Rd7 Rad8
30.a3 b6 31.axb4 bxc5 32.Bd5+ Kh8 33.Rxd8 Rxd8 34.bxa5 Bxa5 35.Ra1 Bc7 36.Ra8 Bb8
37.Kg2 Kg7 38.f4 h6 39.h4 Kf6 40.Kf3 g5 41.hxg5+ hxg5 42.fxg5+ Kxg5 43.Kg2 Rh8
44.Kf3 Re8 45.Bc6 Rh8 46.Bd5 Kf6 47.Ra6+ Ke5 48.Re6+ Kd4 49.Rf6 Rh5 50.Rg6 Be5
51.Rg8 Kd3 52.Rg6 Bd4 53.g4 Rh3+ 54.Kg2 fxg4 55.Rxg4 Rh6 56.Rg3+ Be3 57.Rg4 Rf6
58.Kh3 Bf2 59.Rg7 Bd4 60.Rf7 Rg6 61.Rf5 Bf6 62.Bf7 Rh6+ 63.Rh5  1/2-1/2

[Event "GP"]
[Site "Izmir TUR"]
[Date "2002.08.30"]
[Round "3"]
[White "Azmaiparashvili,Z"]
[Black "Jobava,Be"]
[Result "1-0"]
[WhiteElo "2676"]
[BlackElo "2264"]

1.c4 Nf6 2.Nc3 e6 3.d4 d5 4.cxd5 exd5 5.Bg5 Be7 6.e3 Nbd7 7.Bd3 b6 8.Qa4 O-O
9.Qc6 Rb8 10.Bf4 Bb7 11.Qxc7 Qxc7 12.Bxc7 Rbc8 13.Bg3 Ne4 14.Nge2 f5 15.f3 Nxg3
16.hxg3 g6 17.Nf4 Nf6 18.Kd2 a6 19.a3 Bd6 20.Bb1 Bb8 21.Ba2 Rfd8 22.Rac1 Bxf4
23.gxf4 b5 24.Ne2 Kf7 25.Rxc8 Rxc8 26.Nc1 h5 27.Nd3 Nd7 28.Ne5+ Nxe5 29.dxe5 Ke7
30.Rh3 Kf8 31.g4 fxg4 32.fxg4 hxg4 33.Rh8+ Kg7 34.Rxc8 Bxc8 35.Bxd5 a5 36.Ke2 b4
37.axb4 axb4 38.Kf2 Kh6 39.e6 Kg7 40.Kg3 Kf6 41.Kxg4 Ba6 42.e4 Be2+ 43.Kh4 Bd3
44.Kg3 Bb5 45.Kf3 g5 46.fxg5+ Kxg5 47.Ke3 Kf6 48.Kd4 Be8 49.Kc5 Ke7 50.Kxb4 Kd6
51.Ka5  1-0

[Event "GP"]
[Site "Izmir TUR"]
[Date "2002.08.31"]
[Round "4"]
[White "Pantsulaia,L"]
[Black "Azmaiparashvili,Z"]
[Result "1/2-1/2"]
[WhiteElo "2436"]
[BlackElo "2676"]

1.d4 d6 2.Nf3 Bg4 3.c4 Nd7 4.g3 e5 5.Bg2 Be7 6.Nc3 c6 7.O-O Qb6 8.c5 dxc5
9.dxe5 Rd8 10.Qa4 Bxf3 11.exf3 Nxe5 12.f4 Rd4 13.Qc2 Nd3 14.Be3 Qxb2 15.Qxb2 Nxb2
16.Bxd4 cxd4 17.Ne4 b6 18.Rfc1 c5 19.Bf1 Nf6 20.Nd2 O-O 21.a4 Rd8 22.a5 c4
23.Nxc4 Nxc4 24.Rxc4 Bc5 25.axb6 Bxb6 26.Rac1 Nd5 27.Rc8 Nc3 28.Rxd8+ Bxd8
29.Ba6 Kf8 30.Re1 Be7 31.Re5 Bd6 32.Ra5 Bb4 33.Re5 Bd6 34.Ra5 Bb4 35.Ra1  1/2-1/2

[Event "GP"]
[Site "Izmir TUR"]
[Date "2002.09.04"]
[Round "8"]
[White "Azmaiparashvili,Z"]
[Black "Guliev,S"]
[Result "1/2-1/2"]
[WhiteElo "2676"]
[BlackElo "2481"]

1.d4 f5 2.g3 Nf6 3.Bg2 e6 4.Nd2 Nc6 5.c3 d5 6.Ngf3 a5 7.O-O Bd6 8.Ne1 O-O
9.Ndf3 Ne4 10.Nd3 a4 11.Qc2 Bd7 12.Nfe5 Nxe5 13.dxe5 Be7 14.Be3 Be8 15.Rfd1 Bb5
16.f3 Ng5 17.Qc1 Nf7 18.f4 g5 19.Nc5 Qc8 20.Nd3 Qd8 21.b3 Bxd3 22.exd3 gxf4
23.Bxf4 Kh8 24.h4 Rg8 25.Qe3 c6 26.Kf2 Rg6 27.Bf3 Qf8 28.Ke2 Bc5 29.d4 Be7
30.Rh1 Qd8 31.Rhb1 Qd7 32.Bh5 Rg7 33.Kf2 Nd8 34.Bd1 axb3 35.axb3 Rc8 36.b4 b6
37.Ra6 c5 38.Be2 cxb4 39.cxb4 b5 40.Rb6 Qa7 41.Rxb5 Nc6 42.Rc5 Bxc5 43.dxc5 Rb7
44.b5 Qa2 45.Qc1 Nd4 46.Rb2 Nxe2 47.Kxe2 Qa4 48.b6 Qd4 49.Rb5 Ra8 50.Rb2 Rc8
51.Be3 Qxe5 52.Rb4 d4 53.Rxd4 Rxb6 54.Qc3 Qg7 55.Bh6 Qe5+ 56.Kf2 Rd6 57.Be3 Rxc5
58.Rxd6 Rxc3 59.Bd4 Qxd4+ 60.Rxd4 Kg7 61.Rd7+ Kg6 62.Re7 Rc6 63.h5+ Kxh5
64.Rxh7+ Kg5 65.Rg7+ Kf6 66.Ra7 e5 67.Ra8 Rc2+ 68.Ke3 Rc3+ 69.Kf2 Rd3 70.Ra6+ Kg5
71.Ra8 e4 72.Rg8+ Kf6 73.Ke2 Rf3 74.Ke1 Ke5 75.Ke2 Rc3 76.Re8+ Kd5 77.Rd8+ Ke6
78.Rg8 Rf3 79.Rg6+ Kd5 80.Rg8 Rb3 81.Rd8+ Ke6 82.Rg8 Rc3 83.Kf2 Rc7 84.Ke3 Kf7
85.Rg5 Rc3+ 86.Ke2 Kf6 87.Rg8 Ra3 88.Kf2 Ke5 89.Re8+ Kd4 90.Rd8+ Kc4 91.Rc8+ Kd3
92.Rd8+ Kc2 93.Rd5 Rd3 94.Rxf5 Kd2 95.Re5 e3+ 96.Kf3 Rd8 97.g4 Rf8+ 98.Kg3 e2
99.g5 Rf5 100.Rxe2+ Kxe2 101.Kg4 Rf1 102.g6 Rg1+ 103.Kf5 Kf3 104.Kf6 Kg4
105.g7 Kh5 106.Kf7  1/2-1/2

[Event "21st Greek Club Cup"]
[Site "Athens GRE"]
[Date "2002.12.07"]
[Round "1"]
[White "Azmaiparashvili,Z"]
[Black "Mouroutis,K"]
[Result "1-0"]
[WhiteElo "2666"]
[BlackElo "2245"]

1.d4 d5 2.c4 e6 3.Nc3 Nf6 4.cxd5 exd5 5.Bg5 Be7 6.e3 O-O 7.Bd3 c6 8.Qc2 h6
9.Bh4 Re8 10.Nge2 Ne4 11.Bxe7 Qxe7 12.Bxe4 dxe4 13.Ng3 f5 14.O-O Na6 15.f3 exf3
16.Rxf3 f4 17.exf4 Bg4 18.Rf2 Nb4 19.Qg6 Be6 20.a3 Bf7 21.Qf5 Nd5 22.Nxd5 Bxd5
23.Qg6 Rad8 24.Nf5 Qf6 25.Nxh6+ Kf8 26.Qxf6+ gxf6 27.Ng4 Kf7 28.Rd2 Re4 29.Nf2 Rxf4
30.Re1 Bc4 31.Re4 Rf5 32.Rh4 Kg7 33.h3 Rfd5 34.Nd1 Re8 35.Rf4 Rd6 36.Kf2 Bf7
37.Ne3 Be6 38.Rd3 Red8 39.Nc2 c5 40.Re3 cxd4 41.Rd3 Bc4 42.Rdxd4 Rxd4 43.Rxd4 Rxd4
44.Nxd4 Kg6 45.g4 a5 46.h4 b5 47.Nc6 a4 48.Ke3 Kf7 49.Nd4 Ke7 50.Nf5+ Ke6
51.h5 Ke5 52.Ne7 Ke6 53.Nf5 Ke5 54.Nd4 Kd6 55.Nxb5+ Kd5  1-0

[Event "21st Greek Club Cup"]
[Site "Athens GRE"]
[Date "2002.12.08"]
[Round "2"]
[White "Azmaiparashvili,Z"]
[Black "Miladinovic,I"]
[Result "1-0"]
[WhiteElo "2666"]
[BlackElo "2518"]

1.d4 d5 2.c4 e6 3.Nc3 Nf6 4.Bg5 Be7 5.Nf3 O-O 6.Qc2 c5 7.cxd5 cxd4 8.Nxd4 h6
9.Bxf6 Bxf6 10.e3 exd5 11.Bb5 a6 12.Be2 Nc6 13.Nxc6 bxc6 14.O-O Be5 15.Rfd1 Qf6
16.Rac1 Bf5 17.Bd3 Bg4 18.Rd2 d4 19.Ne4 Qe7 20.Qc5 Qc7 21.g3 Rad8 22.Be2 Bf5
23.Bf3 Bxe4 24.Bxe4 dxe3 25.Qxe3 Rxd2 26.Qxd2 c5 27.b4 Rd8 28.Qc2 c4 29.Qxc4 Qb6
30.Bd5 Qf6 31.Rd1 Rb8 32.Rd3 Rf8 33.Rf3 Qg6 34.Kg2 h5 35.a4 Bf6 36.Qxa6 h4
37.Qc4 Rd8 38.g4 Rxd5 39.Qxd5 Qxg4+ 40.Kf1 Qxb4 41.Rb3 Qf4 42.h3 g6 43.a5 Kg7
44.Kg2 Be5 45.Re3 Bd4 46.Rf3  1-0

[Event "IV Dos Hermanas Internet Final"]
[Site "ICC INT"]
[Date "2003.03.21"]
[Round "1.2"]
[White "Azmaiparashvili,Z"]
[Black "Reinaldo Castineira,R"]
[Result "0-1"]
[WhiteElo "2678"]
[BlackElo "2402"]

1.c4 e5 2.Nc3 Bb4 3.Nd5 Ba5 4.b4 c6 5.bxa5 cxd5 6.cxd5 d6 7.Qa4+ Nd7 8.Ba3 Qe7
9.e4 f5 10.d3 Nf6 11.Nf3 O-O 12.Be2 Nb8 13.O-O Na6 14.Rab1 Rb8 15.Nd2 Bd7
16.Qc2 Rfc8 17.Qb2 b5 18.axb6 Rxb6 19.Qa1 Nc5 20.Bxc5 Rxc5 21.Rfc1 Rxb1 22.Qxb1 Rb5
23.Qc2 Rc5 24.Qb2 Rxc1+ 25.Qxc1 Qd8 26.Qb2 Qc7 27.h3 h6 28.Bf3 Qc5 29.Nb3 Qb5
30.Qc2 Qa4 31.Kh2 Kh7 32.g3 fxe4 33.dxe4 Be8 34.Na1 Qd4 35.Nb3 Qa4 36.Na1 Qb4
37.Nb3 Bg6 38.Nd2 Qd4 39.Kg2 Nxd5 40.Nb3 Qb4 41.Qd2 Bxe4 42.Qxb4 Bxf3+ 43.Kxf3 Nxb4
44.a3 Nc2 45.Ke4 Nxa3 46.Kd5 Nb5 47.Nd2 Kg6 48.Ne4 Kf5 49.Nd2 a5 50.Kc6 Nc3
51.Nc4 a4 52.Nxd6+ Ke6 53.Nc4 Nb1 54.Ne3 a3 55.Nc2 Kf5 56.Kd5 a2 57.f3 Nd2
58.Ne3+ Kf6 59.Nc2 Nb3 60.h4 a1=Q 61.Nxa1 Nxa1 62.g4 Nc2 63.Ke4 Ke6 64.Kd3 Nb4+
65.Ke4 Nd5 66.Kd3 Nf4+ 67.Ke4 g5 68.h5 Nd5 69.Kd3 Nf6 70.Kc4 Kd6 71.Kd3 Kd5
72.Ke3 e4 73.fxe4+ Ke5 74.Kf3 Nxe4  0-1

[Event "IV Dos Hermanas Internet Final"]
[Site "ICC INT"]
[Date "2003.03.21"]
[Round "1.1"]
[White "Reinaldo Castineira,R"]
[Black "Azmaiparashvili,Z"]
[Result "1/2-1/2"]
[WhiteElo "2402"]
[BlackElo "2678"]

1.e4 e5 2.Nf3 Nc6 3.d4 exd4 4.Nxd4 Bc5 5.Nxc6 Qf6 6.Qd2 bxc6 7.Bd3 Ne7 8.O-O O-O
9.Nc3 d6 10.e5 Qh4 11.Ne4 Bf5 12.Nxc5 dxc5 13.Bxf5 Nxf5 14.Qd3 Qg4 15.h3 Qg6
16.Rd1 Rfe8 17.Bf4 Nd4 18.Qxg6 hxg6 19.Rd2 Rad8 20.Rad1 Rd5 21.Kf1 Ne6 22.Be3 Rxe5
23.Rd7 Rb8 24.Bc1 Kf8 25.b3 Ke8 26.c4 Re4 27.Bb2 a5 28.f3 Rd4 29.Bxd4 cxd4
30.R1xd4 Nxd4 31.Rxd4 a4 32.bxa4 Rb4 33.Re4+ Kd7 34.c5 Rb2 35.a3 Rb3 36.Rd4+ Ke6
37.Kf2 Rxa3 38.g4 g5 39.Kg3 Rc3 40.Re4+ Kd7 41.Rd4+ Ke7 42.Re4+ Kd7 43.Rd4+ Ke6
44.Re4+ Kf6 45.Re8 Rxc5 46.Rc8 Ra5 47.Rxc7 Rxa4 48.Rxc6+ Ke7  1/2-1/2

[Event "32nd TCh-GRE"]
[Site "Kallithea Chalkidiki GRE"]
[Date "2003.07.08"]
[Round "5"]
[White "Azmaiparashvili,Z"]
[Black "Gelashvili,T"]
[Result "1/2-1/2"]
[WhiteElo "2702"]
[BlackElo "2520"]

1.d4 Nf6 2.c4 e6 3.g3 d5 4.Nf3 Bb4+ 5.Bd2 Be7 6.Bg2 O-O 7.O-O c6 8.Qb3 b6
9.Bb4 c5 10.dxc5 Na6 11.cxd5 Nxd5 12.Ba3 Nxc5 13.Qc2 Bb7 14.Rd1 Qe8 15.Nc3 Rc8
16.Rac1 Nxc3 17.Qxc3 Bf6 18.Qe3 Qa4 19.Ne5 Bxg2 20.Kxg2 Rfe8 21.Rd4 Qa6 22.Rdc4 Nd7
23.Nc6 b5 24.R4c2 Nb6 25.Qf3 Nc4 26.Nb4 Qa4 27.Nd3 Qa5 28.b3 Qxa3 29.bxc4 bxc4
30.Rxc4 Rxc4 31.Rxc4 Qxa2 32.Rc7 a5 33.Ra7 Rf8 34.Qe4 Bc3 35.Qc6 Bf6 36.e3 h6
37.Nc5 Rd8 38.Nd7 Be7 39.Ne5 Qd5+ 40.Qxd5 Rxd5 41.Nc6 Bb4 42.Nxb4 axb4  1/2-1/2

[Event "32nd TCh-GRE"]
[Site "Kallithea Chalkidiki GRE"]
[Date "2003.07.09"]
[Round "7"]
[White "Azmaiparashvili,Z"]
[Black "Gustafsson,J"]
[Result "1/2-1/2"]
[WhiteElo "2702"]
[BlackElo "2570"]

1.d4 Nf6 2.c4 g6 3.Nc3 d5 4.cxd5 Nxd5 5.Bg5 Bg7 6.e3 c5 7.Rc1 Nxc3 8.bxc3 Qd5
9.Nf3 Qxa2 10.Bd3 Nc6 11.O-O O-O 12.Bb5 Bf6 13.Bxf6 exf6 14.dxc5 Rd8 15.Nd4 Bd7
16.Rb1 Qd5 17.Qf3 Qxf3 18.gxf3 Rac8 19.Rfd1 Na5 20.Bxd7 Rxd7 21.Rb5 Nc6 22.Ra1 a6
23.Rb6 Rdc7 24.Nxc6 Rxc6 25.Rxb7 f5 26.h4 h5 27.Kg2 Rxc5 28.Rxa6 Rxc3 29.Raa7 Rf8
30.e4 fxe4 31.fxe4 Rcc8 32.e5 Rb8 33.Rd7 Rbd8 34.Rdb7 Rb8 35.Rd7  1/2-1/2

[Event "ECC"]
[Site "Rethymnon GRE"]
[Date "2003.09.30"]
[Round "3"]
[White "Azmaiparashvili,Z"]
[Black "Brady,S"]
[Result "1-0"]
[WhiteElo "2702"]
[BlackElo "2336"]

1.c4 e5 2.Nc3 Bb4 3.Nd5 Be7 4.d4 d6 5.g3 c6 6.Nxe7 Qxe7 7.Bg2 Nf6 8.e4 O-O
9.Ne2 b5 10.cxb5 cxb5 11.O-O a5 12.Re1 Nbd7 13.Nc3 Ba6 14.Bg5 h6 15.Nd5 Qd8
16.dxe5 dxe5 17.Be3 Rc8 18.Qd2 b4 19.a3 b3 20.Rac1 Bc4 21.Rc3 Bxd5 22.exd5 Rxc3
23.Qxc3 a4 24.d6 Qb8 25.Qc7 Rc8 26.Rc1 Rd8 27.Ba7  1-0

[Event "Dos Hermanas Internet Final"]
[Site "ICC INT"]
[Date "2004.03.13"]
[Round "2.2"]
[White "Azmaiparashvili,Z"]
[Black "Golod,V"]
[Result "1/2-1/2"]
[WhiteElo "2678"]
[BlackElo "2544"]

1.g3 g6 2.Bg2 d5 3.c4 c6 4.cxd5 cxd5 5.Nc3 Nf6 6.Qb3 e6 7.d4 Bg7 8.Nf3 O-O
9.Bf4 Nc6 10.Rc1 Ne4 11.e3 h6 12.h4 Nxc3 13.Rxc3 f6 14.Qc2 e5 15.dxe5 fxe5
16.Rxc6 bxc6 17.Nxe5 Qa5+ 18.Kf1 Qxa2 19.Kg1 Bf5 20.Qxc6 Kh7 21.g4 Rac8 22.Qxd5 Rc1+
23.Kh2 Qxd5 24.Bxd5 Rxh1+ 25.Bxh1 Bxe5 26.Bxe5 Bxg4 27.Kg3 Bf5 28.Bd4 a5
29.Bc3 a4 30.Bd5 Rc8 31.e4 Bd7 32.Bd4 Bc6 33.Kf4 Rf8+ 34.Ke5 Re8+ 35.Kd6 Rxe4
36.Bxe4 Bxe4 37.Ke5 Bc2 38.Kf6 h5  1/2-1/2

[Event "Russian Blitz Internet Cup Superfinal"]
[Site "chessassistantclub.com INT"]
[Date "2004.12.28"]
[Round "1"]
[White "Azmaiparashvili,Z"]
[Black "Dobrov,V"]
[Result "0-1"]
[WhiteElo "2672"]
[BlackElo "2487"]

1.d4 Nf6 2.c4 c5 3.d5 b5 4.cxb5 a6 5.b6 e6 6.Nc3 Nxd5 7.Nxd5 exd5 8.Qxd5 Nc6
9.Nf3 Rb8 10.Ne5 Qf6 11.Nxc6 dxc6 12.Qd1 c4 13.Qc2 Rxb6 14.a3 Be6 15.e4 Bc5
16.f3 Qd4 17.Qd2 O-O 18.Qxd4 Bxd4 19.Be2 c3 20.b3 c2 21.Ra2 Bxb3 22.Rb2 Bxb2
23.Bxb2 Rd8 24.Kf2 Bc4 25.Bc1 Bxe2 26.Kxe2 Rb1 27.Re1 f6 28.g4 Kf7 29.h4 g5
30.hxg5 fxg5 31.Rh1 h6 32.Re1 c5 33.Rf1 c4 34.Re1 c3 35.Rf1 Rd2+ 36.Ke3 Rd1  0-1

[Event "Russian Blitz Internet Cup Superfinal"]
[Site "chessassistantclub.com INT"]
[Date "2004.12.28"]
[Round "3"]
[White "Azmaiparashvili,Z"]
[Black "Popov,Ro1"]
[Result "1-0"]
[WhiteElo "2672"]
[BlackElo "2392"]

1.d4 d5 2.c4 c6 3.Nc3 Nf6 4.Nf3 e6 5.Bg5 Nbd7 6.e3 Bb4 7.cxd5 exd5 8.Bd3 O-O
9.Qc2 h6 10.Bh4 Bd6 11.O-O Qb6 12.Na4 Qc7 13.Nc5 Re8 14.b4 a5 15.Nxd7 Nxd7
16.b5 c5 17.dxc5 Nxc5 18.Bg3 b6 19.Nd4 Bxg3 20.hxg3 Bd7 21.Rac1 Rac8 22.Bh7+ Kh8
23.Bf5 Qd6 24.Bxd7 Qxd7 25.Nc6 Kg8 26.Rfd1 Rxc6 27.bxc6 Qxc6 28.Qd2 Rd8 29.Qd4 a4
30.e4 Qd6 31.Qxd5 Qxd5 32.Rxd5 Re8 33.f3 g6 34.Rd6 Re6 35.Rxe6 fxe6 36.Rb1 Nd7
37.Rb4  1-0

[Event "Russian Blitz Internet Cup Superfinal"]
[Site "chessassistantclub.com INT"]
[Date "2004.12.28"]
[Round "7"]
[White "Azmaiparashvili,Z"]
[Black "Vlassov,N"]
[Result "1-0"]
[WhiteElo "2672"]
[BlackElo "2492"]

1.g3 h5 2.Nf3 h4 3.Nxh4 Rxh4 4.gxh4 e5 5.d3 Qxh4 6.Be3 Nc6 7.Nd2 Nf6 8.Nf3 Qb4+
9.c3 Qxb2 10.Qc1 Ba3 11.Bd2 e4 12.Qxb2 Bxb2 13.Rb1 Ba3 14.Nd4 Nxd4 15.cxd4 d5
16.dxe4 Nxe4 17.Bb4 Bxb4+ 18.Rxb4 a5 19.Rb2 a4 20.a3 c6 21.f3 Nc3 22.e3 Ra5
23.Kd2 Nb5 24.Bxb5 cxb5 25.h4 Bd7 26.h5 Ra6 27.Rg1 Kf8 28.Kd3 Rf6 29.Rg3 Rh6
30.Rg5 Bc6 31.Rbg2 Rh7 32.e4 f6 33.Rf5 b4 34.axb4 Ke7 35.Ke3 Ke6 36.b5 Bxb5
37.Rxd5 Bc6 38.Ra5 Bd7 39.Rb2 b5 40.d5+ Kd6 41.Ra6+ Ke7 42.Ra7 Kd6 43.Rh2 b4
44.Kd4 b3 45.f4 Rh8 46.e5+ fxe5+ 47.fxe5+ Ke7 48.e6 Kf6 49.exd7 Ke7 50.d8=Q+ Kxd8
51.Ra8+ Kd7 52.Rxh8 a3 53.Ra8 a2 54.Rb2 g6 55.hxg6 Kd6 56.Rxb3 Kc7 57.Ra7+ Kd6
58.Rb6+  1-0

[Event "Russian Blitz Internet Cup Superfinal"]
[Site "chessassistantclub.com INT"]
[Date "2004.12.28"]
[Round "13"]
[White "Azmaiparashvili,Z"]
[Black "Kosyrev,V"]
[Result "1-0"]
[WhiteElo "2672"]
[BlackElo "2539"]

1.g3 d5 2.Bg2 Nf6 3.d3 c6 4.Nd2 Bg4 5.h3 Bh5 6.f4 Bg6 7.e4 dxe4 8.dxe4 e6
9.Qe2 Be7 10.Ngf3 Na6 11.O-O Nb4 12.Ne1 Qb6+ 13.Kh2 h5 14.a3 Na6 15.Nc4 Qc7
16.f5 Bh7 17.Bf4 Qc8 18.Nd6+ Bxd6 19.Bxd6 Qd7 20.Rd1 O-O-O 21.e5 Ne8 22.Qf2 Nxd6
23.Rxd6 Qc7 24.fxe6 fxe6 25.Qxa7 Rxd6 26.exd6 Qxd6 27.Rf7 Nc7 28.Rxg7 h4
29.Qe3 Bf5 30.Qf4 hxg3+ 31.Qxg3 Nb5 32.Qxd6 Nxd6 33.b3 Nb5 34.c4 Nxa3 35.Nf3 Nc2
36.Kg3 Ne3 37.h4 Be4 38.Bh3 Nf5+ 39.Bxf5 exf5 40.Nd4 Kb8 41.Ne6 b6 42.b4 Bd3
43.c5 bxc5 44.Nxc5 Be2 45.Kf4 Rxh4+ 46.Kxf5 Rxb4 47.Ke5 Rc4 48.Kd6 Bf3 49.Na6+ Ka8
50.Nc5 Kb8 51.Nd7+ Ka7 52.Ne5+ Kb6 53.Nxc4+ Kb5 54.Ne5 Bd5 55.Rb7+ Ka6 56.Rb1  1-0

[Event "Russian Blitz Internet Cup Superfinal"]
[Site "chessassistantclub.com INT"]
[Date "2004.12.28"]
[Round "17"]
[White "Azmaiparashvili,Z"]
[Black "Panarin,M"]
[Result "1/2-1/2"]
[WhiteElo "2672"]
[BlackElo "2482"]

1.g3 d5 2.Bg2 Nf6 3.d3 c6 4.Nd2 Bf5 5.e4 dxe4 6.dxe4 Bg6 7.Qe2 e6 8.f4 Bh5
9.Ngf3 Bc5 10.h3 Bxf3 11.Nxf3 O-O 12.Be3 Nxe4 13.Bxc5 Nxc5 14.b3 Qb6 15.Ne5 Nbd7
16.Nc4 Qb4+ 17.Kf2 Nf6 18.Qe3 Nd5 19.Bxd5 exd5 20.c3 Qxc3 21.Qxc5 dxc4 22.Qxc4 Qd2+
23.Kf3 Rad8 24.Rhe1 h5 25.Re2 Qd3+ 26.Qxd3 Rxd3+ 27.Re3 Rxe3+ 28.Kxe3 Rd8
29.g4 hxg4 30.hxg4 Kf8 31.Rh1 Ke7 32.Rh7 g6 33.Rh1 Kf6 34.Rc1 Rd5 35.b4 g5
36.Rc4 Rd1 37.a4 Rg1 38.fxg5+ Kxg5 39.Kf3 f6 40.Rc5+ Kg6 41.b5 cxb5 42.Rxb5 Ra1
43.a5 a6 44.Rxb7 Rxa5 45.Rc7 Ra3+ 46.Kf4 Ra4+ 47.Kg3 a5 48.Rc5 Ra1 49.Rb5 a4
50.Ra5 a3 51.Kg2 Kf7 52.Ra6 Ke7 53.Kh2 Kf7 54.Kg2 Kg6 55.Ra5 Kh6 56.Kh2 Kg7
57.Ra6 Kf7 58.Kg2  1/2-1/2

[Event "Russian Blitz Internet Cup Superfinal"]
[Site "chessassistantclub.com INT"]
[Date "2004.12.28"]
[Round "18"]
[White "Azmaiparashvili,Z"]
[Black "Aleksandrov,A"]
[Result "1-0"]
[WhiteElo "2672"]
[BlackElo "2659"]

1.g3 d5 2.Bg2 g6 3.d3 Bg7 4.Nd2 Nf6 5.e4 Nc6 6.Ngf3 e5 7.O-O O-O 8.b3 Re8
9.Bb2 a5 10.a4 dxe4 11.dxe4 b6 12.Nc4 Ba6 13.Nfd2 Qe7 14.Re1 Rad8 15.Ne3 Nb4
16.Qc1 Bh6 17.Ndc4 Qe6 18.Nxe5 Bg7 19.f4 Bb7 20.N3c4 Nxe4 21.Bxe4 Bxe4 22.Rxe4 f6
23.c3 Nd5 24.Qe1 fxe5 25.Nxe5 Qd6 26.c4 Nf6 27.Re2 Qc5+ 28.Qf2 Qb4 29.Qf3 Rd2
30.Ba3 Rxe2 31.Bxb4 Re4 32.Bc3  1-0

[Event "It"]
[Site "Dos Hermanas ESP"]
[Date "2005.04.09"]
[Round "9"]
[White "Azmaiparashvili,Z"]
[Black "Rustemov,A"]
[Result "1/2-1/2"]
[WhiteElo "2671"]
[BlackElo "2573"]

1.d4 d5 2.c4 c6 3.Nf3 Nf6 4.e3 Bf5 5.Nc3 e6 6.Nh4 Bg6 7.Nxg6 hxg6 8.g3 Bb4
9.Bd2 Bxc3 10.Bxc3 Ne4 11.Bg2 Nxc3 12.bxc3 Qc7 13.Rb1 Nd7 14.Qb3 b6 15.O-O  1/2-1/2

[Event "Torch Real Estate Cup"]
[Site "Jinan CHN"]
[Date "2005.04.20"]
[Round "1"]
[White "Azmaiparashvili,Z"]
[Black "Wei Chenpeng"]
[Result "1-0"]
[WhiteElo "2671"]
[BlackElo "2406"]

1.d4 d5 2.c4 c6 3.Nf3 Nf6 4.e3 a6 5.h3 b5 6.c5 a5 7.Ne5 g6 8.Nd2 Bg7 9.f4 Nfd7
10.Nd3 f6 11.g4 Na6 12.Bg2 Nc7 13.b4 O-O 14.O-O e6 15.Bb2 a4 16.Qe2 f5 17.g5 Qe7
18.Nf3 Kf7 19.h4 Ke8 20.h5 Bb7 21.Kf2 Rg8 22.Rh1 Bc8 23.Rh3 Nf8 24.Rah1 Bd7
25.a3 Kd8 26.h6 Bh8 27.Nd2 Kc8 28.Nb1 Kb7 29.Nc3 Be8 30.Qd2 Nd7 31.Bf3 Bf7
32.Bc1 Rae8 33.Nb2 Ra8 34.Bd1 Qd8 35.Bc2 Qb8 36.Qd1 Ra6 37.Re1 Kc8 38.Kf1 Kd8
39.Rh2 Ke7 40.Bd3 Qb7 41.Rc2 Rf8 42.Bd2 Raa8 43.Qe2 Nb8 44.Ra1 Nd7 45.Rcc1 Ra6
46.Nbxa4 bxa4 47.Bxa6 Qxa6 48.Qxa6 Nxa6 49.b5 cxb5 50.Rab1 Naxc5 51.dxc5 Nxc5
52.Nxb5 Ne4  1-0

[Event "Torch Real Estate Cup"]
[Site "Jinan CHN"]
[Date "2005.04.23"]
[Round "4"]
[White "Azmaiparashvili,Z"]
[Black "Lin Weiguo"]
[Result "1-0"]
[WhiteElo "2671"]
[BlackElo "2448"]

1.c4 Nf6 2.d4 g6 3.g3 c6 4.Nf3 Bg7 5.Nc3 d5 6.cxd5 cxd5 7.Ne5 O-O 8.Bg2 e6
9.O-O Nfd7 10.f4 Nc6 11.Be3 Nb6 12.Bf2 Bd7 13.Qb3 Rc8 14.a4 Na5 15.Qb4 Nbc4
16.Nb5 Re8 17.Nxa7 Bf8 18.Qc3 Nxe5 19.Nxc8 Nec6 20.Na7 Nxa7 21.b4 Nc4 22.b5 Nc8
23.e4 Ne7 24.e5 Qb6 25.Rfb1 Ra8 26.Bf1 Qd8 27.Rc1 b6 28.g4 Bh6 29.Qg3 Ra7
30.Bg2 Bc8 31.Be1 g5 32.Qh3 Qf8 33.Qf3 gxf4 34.h4 f6 35.exf6 Qxf6 36.g5 Bxg5
37.hxg5 Qxg5 38.a5 bxa5 39.b6 Rb7 40.Rxc4 dxc4 41.Rxa5 Qg7 42.Ra8 Rxb6 43.Bh4 Rb1+
44.Kh2 Qh6 45.Qg4+ Kf8 46.Qh3 Qg6 47.Qa3 Qe8 48.Rxc8 Qxc8 49.Qxe7+ Kg8 50.Bf6  1-0

[Event "Torch Real Estate Cup"]
[Site "Xiapu CHN"]
[Date "2005.06.23"]
[Round "16"]
[White "Azmaiparashvili,Z"]
[Black "Chen Fan"]
[Result "1-0"]
[WhiteElo "2671"]
[BlackElo "2354"]

1.d4 d5 2.c4 c6 3.Nf3 Nf6 4.e3 a6 5.Qc2 Bg4 6.Ne5 Bh5 7.Qb3 Ra7 8.cxd5 cxd5
9.Bd2 e6 10.Bb4 Qb6 11.Bxf8 Qxb3 12.axb3 Kxf8 13.Nc3 Nfd7 14.Nb5 Ra8 15.Nd6 Nxe5
16.dxe5 Nc6 17.f4 f6 18.Nxb7 fxe5 19.Rc1 Be8 20.Nc5 Ke7 21.Bxa6 exf4 22.exf4 Nb4
23.Be2 Ra2 24.O-O Bf7 25.Bg4 Rc8 26.f5 exf5 27.Rfe1+ Kf6 28.Nd7+ Kg5 29.Rxc8 fxg4
30.Ne5 Be6 31.Rb8 Nc2 32.Re2 Rxb2 33.Nd3 Rb1+ 34.Kf2 Bf5 35.Rd2 h5 36.Nc5 d4
37.Rf8 Na1 38.Rxd4 Rb2+ 39.Kf1 Nxb3 40.Rd5 g6 41.Ne6+ Kh4 42.Nf4 Kg5 43.Nxg6 Kxg6
44.Rfxf5 Nd2+ 45.Ke1 Ne4 46.Rfe5 Rb1+ 47.Rd1 Rb4 48.Rc1 h4 49.Rc6+ Nf6 50.Rec5 Rb1+
51.Rc1 Rb2 52.R1c2 Rb1+ 53.Kf2 Rb5 54.Kg1 Rb1+ 55.Rc1 Rb8 56.Rf1 Rf8 57.Rf4 Kg5
58.Rf2 Kg6 59.Kf1 Rf7 60.Ke2 Kg5 61.Re6 Rf8 62.h3 gxh3 63.gxh3 Kg6 64.Rf4 Kg5
65.Kf3 Rf7 66.Re5+ Kg6 67.Rb5 Rf8 68.Kg2 Ra8 69.Rb6 Rf8 70.Rxh4 Kf5 71.Rc4 Ra8
72.Rc5+ Kg6 73.Rbb5  1-0

[Event "Torch Real Estate Cup"]
[Site "Xiapu CHN"]
[Date "2005.06.25"]
[Round "18"]
[White "Azmaiparashvili,Z"]
[Black "Liang Chong"]
[Result "1/2-1/2"]
[WhiteElo "2671"]
[BlackElo "2524"]

1.d4 c6 2.c4 d5 3.Nc3 e6 4.Nf3 dxc4 5.a4 Bb4 6.e3 b5 7.Bd2 a5 8.axb5 Bxc3
9.Bxc3 cxb5 10.b3 Bb7 11.bxc4 b4 12.Bb2 Nf6 13.Bd3 Nbd7 14.O-O O-O 15.Re1 Ne4
16.c5 Bd5 17.Nd2 Nxd2 18.Qxd2 f5 19.f3 Qg5 20.Qe2 Nf6 21.Bc1 Qh4 22.Bd2 Kh8
23.Rec1 g5 24.Be1 Qh6 25.c6 g4 26.f4 Rfc8 27.Rc5 Rxc6 28.Bxb4 Rxc5 29.Bxc5 g3
30.h3 Ne4 31.Bxe4 Bxe4 32.d5 Bxd5 33.Rc1 Kg8 34.Bd4 a4 35.Ba1 Rb8 36.Qa6 Qf8
37.Qa7 Rb4 38.Qc7 Rb7 39.Qc3 Kf7 40.e4 fxe4 41.Qxg3 Qh6 42.Qe3 Qg6 43.Kh2 h5
44.g4 hxg4 45.Rg1 Rb3 46.Qa7+ Rb7  1/2-1/2

[Event "34th TCh-GRE"]
[Site "Ermioni Argolidas GRE"]
[Date "2005.07.08"]
[Round "5"]
[White "Azmaiparashvili,Z"]
[Black "Vouldis,A"]
[Result "1/2-1/2"]
[WhiteElo "2672"]
[BlackElo "2524"]

1.d4 Nf6 2.c4 g6 3.Nc3 Bg7 4.e4 d6 5.Nf3 O-O 6.Be3 e5 7.dxe5 dxe5 8.Qxd8 Rxd8
9.Nd5 Rd7 10.Bd3 Nh5 11.O-O-O c6 12.Nc3 Nf4 13.Bxf4 exf4 14.e5 Na6 15.Ne4 Nb4
16.Bb1 Rxd1+ 17.Rxd1 Be6 18.Nd6 Rd8 19.a3 Na6 20.Nxb7 Rxd1+ 21.Kxd1 Bxc4
22.Be4 Nb8 23.Ke1 f5 24.exf6 Bxf6 25.Nd2 Bb5 26.b3 Kf7 27.a4 Ba6 28.Nc5 Bc8
29.Nd3 Ke7 30.Nxf4 Kd6 31.Bd3 Be7 32.Bc4 Bf5 33.f3 Kc5 34.Ke2 Kd4 35.Ne6+ Kc3
36.Ke3 Nd7 37.Ne4+ Bxe4 38.Kxe4 Nb6 39.Nd4 Nxc4 40.bxc4 Kxc4 41.Nxc6 Bc5
42.f4 Bb6 43.g4 Kc5 44.Ne7 Bd8 45.Nd5 a5 46.f5 gxf5+ 47.gxf5 Kd6 48.Ne3 h5
49.Nd5 Bg5 50.Nf4 h4 51.h3 Bd8 52.Nd5 Bg5 53.Nf4 Bd8 54.Nh5 Bg5 55.Kf3 Ke5
56.Kg4 Bd8 57.f6 Bxf6 58.Nxf6 Kxf6 59.Kxh4 Kf5 60.Kh5 Kf4 61.h4 Kf5 62.Kh6 Kf6
63.Kh7 Kf7 64.h5 Kf6 65.Kh6 Kf7 66.Kg5 Kg7 67.Kf5 Kh6 68.Ke5 Kxh5 69.Kd5 Kg6
70.Kc5 Kf7 71.Kb5 Ke7 72.Kxa5 Kd7 73.Kb6 Kc8 74.a5 Kb8 75.a6 Ka8 76.a7  1/2-1/2

[Event "11th HIT Open A"]
[Site "Nova Gorica SLO"]
[Date "2006.01.28"]
[Round "3"]
[White "Azmaiparashvili,Z"]
[Black "Drazic,S"]
[Result "1-0"]
[WhiteElo "2658"]
[BlackElo "2488"]

1.c4 e6 2.d4 Nf6 3.Nc3 d5 4.cxd5 exd5 5.Bg5 Be7 6.e3 c6 7.Bd3 Nbd7 8.Nge2 Nh5
9.Bxe7 Qxe7 10.g4 Nhf6 11.Ng3 g6 12.g5 Ng8 13.h4 h6 14.h5 Qxg5 15.Qb3 Ne7
16.O-O-O Qf6 17.Kb1 Nb6 18.a4 Bg4 19.Rd2 Bf3 20.Re1 Rb8 21.hxg6 fxg6 22.a5 Nd7
23.e4 O-O 24.exd5 Nxd5 25.Bc4 Qf7 26.Nge4 N7f6 27.Nxf6+ Qxf6 28.Nxd5 cxd5
29.Bxd5+ Bxd5 30.Qxd5+ Qf7 31.Re6 Kh7 32.Qe4 Rbe8 33.Re5 Kg7 34.Rc2 h5 35.f4 Kh6
36.d5 Rxe5 37.fxe5 Qf1+ 38.Rc1 Qf5 39.Qxf5 Rxf5 40.Re1 Kg7 41.d6 Kf8 42.Rc1 Rxe5
43.Rc8+ Kg7 44.d7 Rd5 45.d8=Q Rxd8 46.Rxd8 Kf6 47.Kc2 Kf5 48.Kd3 Kg4 49.Ke4 g5  1-0